| 000 | 01173cam a22003617a 4500 | ||
|---|---|---|---|
| 003 | CHAP | ||
| 005 | 20220329134233.0 | ||
| 008 | 971013s1952 r 00010 d | ||
| 010 | _a17425 | ||
| 011 | _a18397 | ||
| 035 | _a22482 | ||
| 040 | _cCHAP | ||
| 082 |
_a583.913 _bH8 |
||
| 100 | 0 | 0 |
_aHunziker, Armando T. _956961 |
| 245 | 1 | 4 | _aLos pseudocereales de la agricultura indígena de América |
| 260 |
_aBuenos Aires : _bACME, _c1952 |
||
| 300 |
_a104 p. _b: ilus. |
||
| 500 | _aFotocopia | ||
| 504 | _aBibliografía: pp. 79-95 | ||
| 590 |
_aBATCH-UPD _b10 _c20130110 _lUCH01 _h0156 |
||
| 590 |
_aBATCH-UPD _b10 _c20130110 _lUCH01 _h1005 |
||
| 590 |
_aBATCH-UPD _b10 _c20130409 _lUCH01 _h2158 |
||
| 590 |
_aBATCH-UPD _b10 _c20130914 _lUCH01 _h1330 |
||
| 590 |
_aCONVERSION _b10 _c20130109 _lUCH01 _h1311 |
||
| 650 | 1 | 4 |
_aAmaranthus paniculatus. _95107 |
| 650 | 1 | 4 |
_aEtnobotánica. _938611 |
| 650 | 1 | 4 |
_aQuinoa. _993342 |
| 901 | _aBK | ||
| 942 | _cLIBRO | ||
| 949 |
_a583.913 H8 _bBC _cESP _d-52731 _eESP _h54345 _i22482 _si |
||
| 949 |
_a583.913 H8 _bBC _cLIBRO _d33724002205561 _eLIBRO _fc.2 _h61740 _i22482 _si |
||
| 949 |
_a583.913 H8 _bBC _cMUT _d-52733 _eMUT _fc.3 _h61741 _i22482 _si |
||
| 999 |
_c17425 _d17425 |
||